000 00471nam a2200169Ia 4500
003 GCL
008 140319s9999 xx 000 0 eng d
040 _aGCL /
_cGCL
082 0 4 _a621.3
_bA A
100 1 _aALFRED, RIDDIE
245 1 0 _aAPPLIED ELECTRONIC ENGINEERING WITH MATHEMATICA /
_cALFRED, RIDDIE
260 _a[S.N] :
_bADDISON - WESLEY PUBLISHING COMPANY ،
_c1995
300 _a534 P
650 0 4 _aELECTRONICS
650 0 4 _aDATA PROCESSING
942 _2ddc
_cBK
999 _c11414
_d11414